| 000 | 00344nam a22001337a 4500 | ||
|---|---|---|---|
| 020 | _a0-333-40972-8 | ||
| 082 | _a530.41 COG'S | ||
| 100 |
_aCOGAN, DONARD DE _965188 |
||
| 245 | _aSOLID STATE DEVICES , A QUANTUM PHYSICS APPROACH | ||
| 260 |
_aLONDON _bMACMILLAN _c1997 |
||
| 300 | _a154P | ||
| 650 |
_aSOLID STATE PHYSICS _934429 |
||
| 942 | _cBK | ||
| 999 |
_c573477 _d573477 |
||